La réponse est un nombre premier - Click Quiz - Statistiques

Statistiques générales
  • Ce quiz a été pris 252 fois
  • Le résultat moyen est 9 sur 20
Statistiques - réponses
Hint Extra Hint Réponse % Correct
Année de la prise la Bastille 1789
87%
Année où d'Adolf Hitler accède au pouvoir en Allemagne 1933
81%
Numéro d'appel d'urgence dans la majorité des pays d'Amérique 911
81%
Nombre de membres de la famille Jackson ayant formé un groupe entre 1966 et 1975 5
71%
Paires de chromosomes dans une cellule humaine 23
65%
Points pour gagner un set au tennis de table 11
55%
Numéro de département du Bas-Rhin 67
55%
Bandes rouges et blanches sur le drapeau des États-Unis 13
54%
Dragon Balls dans le manga éponyme 7
53%
Écriture binaire du nombre 5 101
51%
Nombre d'heures durant lesquelles Aron Ralston est resté bloqué dans un canyon de l'Utah, la main écrasée par un rocher Indice : son histoire a inspiré un film ! 127
37%
Numéro de Pokédex de Celebi 251
34%
Lois de la robotique selon Isaac Asimov 3
32%
Indicatif téléphonique de la Suisse 41
28%
Numéro du talonneur dans une équipe de rugby à XV 2
27%
Syllabes dans un haïku 17
20%
Numéro atomique de l'argent 47
14%
Sujets de la Fédération de Russie 89
14%
Nombre standard de lignes et colonnes sur un plateau de Go 19
13%
Os dans un crâne humain 29
13%
Aucun quiz correspondant
Distribution des résultats
% des personnes avec chaque résultat
Percentile par nombre de réponses
Votre historique - résultats
Vous n’avez pas pris ce quiz